La vida íntima : (Record no. 165425)

MARC details
000 -LEADER
campo de control de longitud fija 00724nam a22001935i 4500
001 - NÚMERO DE CONTROL
campo de control 165425
003 - IDENTIFICADOR DE NÚMERO DE CONTROL
campo de control ES-MaACL
005 - FECHA Y HORA DE LA ÚLTIMA TRANSACCIÓN
campo de control 20230906213132.0
008 - DATOS DE LONGITUD FIJA--INFORMACIÓN GENERAL
campo de control de longitud fija 050824s1876 sp | |||||||| ||spa d
080 ## - NÚMERO DE LA CLASIFICACIÓN DECIMAL UNIVERSAL
Número de la Clasificación Decimal Universal 821.134.2-31"18"
100 1# - ENTRADA PRINCIPAL--NOMBRE DE PERSONA
Nombre de persona Sinués, María del Pilar.
9 (RLIN) 146793
245 13 - MENCIÓN DEL TÍTULO
Título La vida íntima :
Resto del título correspondencia de dos familias del gran mundo ; En la culpa va el castigo : novela original /
Mención de responsabilidad, etc. María del Pilar Sinués.
246 3# - FORMA VARIANTE DEL TITULO
Título propio/Titulo breve En la culpa va el castigo
260 ## - PUBLICACIÓN, DISTRIBUCIÓN, ETC.
Lugar de publicación, distribución, etc. Madrid :
Nombre del editor, distribuidor, etc. [s.n.],
Fecha de publicación, distribución, etc. 1876 (
Fabricante Imp., estereotipia y galvanoplastia de Aribau y Cª)
300 ## - DESCRIPCIÓN FÍSICA
Extensión 416 p. ;
Dimensiones 21 cm.
740 0# - ENTRADA AGREGADA--TÍTULO RELACIONADO/ANALÍTICO NO CONTROLADO
Título relacionado o analítico no controlado En la culpa va el castigo.
752 ## - ENTRADA AGREGADA--NOMBRE JERÁRQUICO DEL LUGAR
País o entidad superior España -
Ciudad Madrid
852 4# - LOCALIZACIÓN
Ubicación ES-MaACL
Número de control de estantería F-11554
Nota libre - Enc. hol.
Holdings
Estatus retirado Estado de pérdida Estado de daño No para préstamo Colección Biblioteca de origen Biblioteca actual Ubicación en estantería Fecha de adquisición Fuente de adquisición Total de préstamos Signatura topográfica completa Código de barras Visto por última vez Precio de reemplazo Tipo de ítem Koha
        Libros del s. XIX Biblioteca del Ateneo de Madrid Biblioteca del Ateneo de Madrid Sala Pecera Planta 2 17/01/2008     F-11554 1173470 23/02/2023 23/02/2023 Libro impreso antiguo